000 00618nam a2200241Ia 4500
003 OSt
005 20221007110257.0
006 a|||||r|||| 00| 0
007 ta
008 221006b |||||||| |||| 00| 0 eng d
024 _a20,772
037 _cTextual
040 _aLCO
_cLCO
_beng
041 _2eng
_aeng
082 _aZ1,215, M1
100 _aPatil J.S
_9707288
245 0 _aLegal Regime of the Seabed
260 _aNew
_bDelhi Deep & Deep Publications India
_c1981
300 _a131
650 _aSEABED
_9707289
942 _hZ1,215, M1
_cTEXL
999 _c1190335
_d1190335